[Event "La Paz op"]
[Site "La Paz"]
[Date "2022.09.17"]
[Round "6"]
[White "Borda, Cesar Armando"]
[Black "Aguilar Flores, Fidel"]
[Result "1/2-1/2"]
[WhiteElo "2054"]
[BlackElo "1854"]
[PlyCount "63"]
[EventDate "2022.09.15"]
[EventType "swiss"]
[EventRounds "7"]
[EventCountry "BOL"]
[SourceTitle "EXT 2023"]
[Source "ChessBase"]
[SourceDate "2022.10.05"]
[SourceVersion "1"]
[SourceVersionDate "2022.10.05"]
[SourceQuality "1"]

1. e4 c5 2. Nf3 d6 3. c3 Nc6 4. d4 Nf6 5. d5 Nb8 6. h3 g6 7. Bd3 Bg7 8. 0-0 0-0 9. Bf4 c4 10. Bc2 Nbd7 11. Nbd2 Qc7 12. Qe2 b5 13. a4 Nh5 14. Be3 b4 15. Nd4 b3 16. Nb5 Qb8 17. Bd1 f5 18. exf5 Rxf5 19. g4 Nf4 20. Qf3 Rf7 21. Nxc4 Bb7 22. Bxf4 Qf8 23. Qe2 Rxf4 24. Qe6+ Qf7 25. Qxf7+ Kxf7 26. Ne3 Nc5 27. Nd4 Ba6 28. Nxb3 Nxb3 29. Bxb3 Bxf1 30. Kxf1 Rb8 31. Ra3 Bh6 32. Nd1 1/2-1/2

[Event "Antofagasta Zicosur op 4th"]
[Site "Antofagasta"]
[Date "2019.01.09"]
[Round "8"]
[White "Castellanos Villela, Alejandro"]
[Black "Borda, Cesar Armando"]
[Result "1/2-1/2"]
[WhiteElo "1937"]
[BlackElo "2143"]
[PlyCount "30"]
[EventDate "2019.01.04"]
[EventType "swiss"]
[EventRounds "10"]
[EventCountry "CHI"]
[SourceTitle "CBM 190 Extra"]
[Source "ChessBase"]
[SourceDate "2019.07.15"]
[SourceVersion "1"]
[SourceVersionDate "2019.07.15"]
[SourceQuality "1"]

1. e4 c5 2. Nf3 e6 3. d4 cxd4 4. Nxd4 a6 5. Be2 Qc7 6. 0-0 Nc6 7. Be3 Nf6 8. Nc3 b5 9. Nxc6 dxc6 10. f4 b4 11. Na4 c5 12. c3 Bb7 13. cxb4 Rd8 14. Qc1 Nxe4 15. Bf3 Bd6 1/2-1/2

[Event "Pan American-ch U18 27th"]
[Site "Montevideo"]
[Date "2016.07.30"]
[Round "8"]
[White "Lopez Calderon, Alfonso Al"]
[Black "Borda, Cesar Armando"]
[Result "1-0"]
[WhiteElo "2075"]
[BlackElo "2123"]
[PlyCount "83"]
[EventDate "2016.07.25"]
[EventType "swiss"]
[EventRounds "9"]
[EventCountry "URU"]
[SourceTitle "EXT 2017"]
[Source "ChessBase"]
[SourceDate "2016.10.25"]
[SourceVersion "1"]
[SourceVersionDate "2016.10.25"]
[SourceQuality "1"]

1. e4 c5 2. Nf3 e6 3. d4 cxd4 4. Nxd4 Nc6 5. Nc3 Qc7 6. Be3 a6 7. Qd2 Nf6 8. 0-0-0 Bb4 9. f3 Ne5 10. Nb3 b5 11. Kb1 Nc4 12. Bxc4 bxc4 13. Nd4 Rb8 14. Ka1 Qa5 15. g4 0-0 16. h4 Bb7 17. Nde2 e5 18. Bg5 Nxe4 19. fxe4 Bxe4 20. Rh3 f6 21. Qxd7 Bxc2 22. Rc1 fxg5 23. Rxc2 Rf1+ 24. Rc1 Qb6 25. Rxf1 Ba3 26. b3 cxb3 27. Qd5+ Kh8 28. Qxb3 Qd6 29. Rd3 Qc7 30. Qxa3 h6 31. Rf8+ Kh7 32. Rxb8 Qxb8 33. Qd6 Qa8 34. Qd5 Qe8 35. hxg5 hxg5 36. Rh3+ Kg6 37. Ne4 Qe7 38. Qc6+ Kf7 39. Rf3+ Kg8 40. Qc8+ Kh7 41. Rh3+ Kg6 42. Qf5# 1-0

[Event "Pan American-ch U18 27th"]
[Site "Montevideo"]
[Date "2016.07.27"]
[Round "4"]
[White "Lagar, Valentin Alejo"]
[Black "Borda, Cesar Armando"]
[Result "1/2-1/2"]
[WhiteElo "2203"]
[BlackElo "2123"]
[PlyCount "81"]
[EventDate "2016.07.25"]
[EventType "swiss"]
[EventRounds "9"]
[EventCountry "URU"]
[SourceTitle "CBM 173 Extra"]
[Source "ChessBase"]
[SourceDate "2016.08.29"]
[SourceVersion "1"]
[SourceVersionDate "2016.08.29"]
[SourceQuality "1"]

1. e4 c5 2. Nf3 e6 3. b3 Nc6 4. Bb2 Qc7 5. g3 b6 6. Bg2 Bb7 7. Qe2 Nge7 8. 0-0 d5 9. exd5 Nxd5 10. c4 Nf6 11. Nc3 Be7 12. Nb5 Qd7 13. d4 cxd4 14. Rfd1 0-0 15. Nfxd4 Nxd4 16. Rxd4 Qc8 17. Nd6 Bxd6 18. Rxd6 Bxg2 19. Kxg2 Rd8 20. Rad1 Rxd6 21. Rxd6 Ne8 22. Rd3 Qc7 23. Qd2 Qb7+ 24. f3 Rc8 25. Qb4 a5 26. Qc3 h6 27. Rd2 Nf6 28. Qd3 Ne8 29. Qc3 Nf6 30. Qd3 Ne8 31. Ba1 a4 32. Qd7 Qxd7 33. Rxd7 axb3 34. axb3 b5 35. Rd4 bxc4 36. bxc4 e5 37. Rd1 Rxc4 38. Bxe5 Rc2+ 39. Kh3 Re2 40. Rd5 f6 41. Bf4 1/2-1/2

[Event "BOL-ch"]
[Site "La Paz"]
[Date "2016.02.13"]
[Round "6"]
[White "Borda, Cesar Armando"]
[Black "Gemy Vargas, Jose Daniel"]
[Result "0-1"]
[WhiteElo "2077"]
[BlackElo "2411"]
[PlyCount "112"]
[EventDate "2016.02.11"]
[EventType "swiss"]
[EventRounds "7"]
[EventCountry "BOL"]
[SourceTitle "CBM 171 Extra"]
[Source "ChessBase"]
[SourceDate "2016.04.26"]
[SourceVersion "1"]
[SourceVersionDate "2016.04.26"]
[SourceQuality "1"]

1. e4 e5 2. Nf3 Nc6 3. d4 exd4 4. Nxd4 Bb4+ 5. c3 Bc5 6. Be3 Bb6 7. Nf5 Bxe3 8. Nxe3 Nf6 9. f3 0-0 10. c4 d6 11. Nc3 Nd7 12. Qd2 Nc5 13. 0-0-0 a6 14. Kb1 Be6 15. f4 b5 16. f5 b4 17. Ncd5 Nxe4 18. Qc2 Nc5 19. fxe6 fxe6 20. Bd3 Nxd3 21. Qxd3 Ne5 22. Qe4 exd5 23. Qxd5+ Kh8 24. c5 Qg5 25. cxd6 cxd6 26. Rhe1 Rad8 27. Ka1 Qg6 28. h3 a5 29. g4 a4 30. Nf5 h6 31. Nxd6 Rf6 32. Qxe5 Rfxd6 33. Rxd6 Rxd6 34. Qf4 Qd3 35. Rc1 Rd4 36. Qf1 Kh7 37. Qxd3+ Rxd3 38. Rh1 Kg6 39. Kb1 b3 40. axb3 axb3 41. h4 Rg3 42. Kc1 Rxg4 43. Rh3 Rb4 44. Kd2 Kh5 45. Rg3 g6 46. Kc3 Rxh4 47. Kxb3 g5 48. Kc3 g4 49. Kc4 Rh1 50. b4 Kh4 51. Rd3 g3 52. Rd4+ Kh3 53. Rd6 h5 54. b5 Rc1+ 55. Kb4 Rb1+ 56. Ka5 g2 0-1

[Event "South America-ch U20 11th"]
[Site "Barrancabermeja"]
[Date "2015.04.28"]
[Round "9"]
[White "Vidal Melendez, Ismael David"]
[Black "Borda, Cesar Armando"]
[Result "1/2-1/2"]
[WhiteElo "2202"]
[BlackElo "2046"]
[PlyCount "89"]
[EventDate "2015.04.22"]
[EventType "swiss"]
[EventRounds "9"]
[EventCountry "COL"]
[SourceTitle "CBM 166 Extra"]
[Source "ChessBase"]
[SourceDate "2015.06.18"]
[SourceVersion "1"]
[SourceVersionDate "2015.06.18"]
[SourceQuality "1"]

1. c4 Nf6 2. Nc3 d5 3. cxd5 Nxd5 4. Nf3 g6 5. Qa4+ Nc6 6. Ne5 Bg7 7. Nxc6 Nxc3 8. dxc3 bxc6 9. Qxc6+ Bd7 10. Qc5 0-0 11. e4 e6 12. Bg5 Qb8 13. 0-0-0 Bc8 14. Be7 Bh6+ 15. Kb1 Bb7 16. f3 Re8 17. Bf6 Bf8 18. Qe3 Bc6 19. h4 Ba4 20. Rd2 Qb6 21. Qxb6 axb6 22. Bc4 Bh6 23. Re2 c5 24. Bb3 Bb5 25. c4 Bc6 26. Rd1 e5 27. Rd6 Rac8 28. Bg5 Bxg5 29. hxg5 Red8 30. Red2 Rxd6 31. Rxd6 Kf8 32. Kc1 Ke7 33. Rd2 h6 34. gxh6 Rh8 35. Bc2 Rxh6 36. b3 g5 37. g4 Rf6 38. Bd1 Rh6 39. Kb2 Rd6 40. Rxd6 Kxd6 41. a4 Kc7 42. Ka3 Bd7 43. b4 f6 44. a5 bxa5 45. f4 1/2-1/2

[Event "Cochabamba op 1st"]
[Site "Cochabamba"]
[Date "2015.01.30"]
[Round "4"]
[White "Borda, Cesar Armando"]
[Black "Celis, Kevin"]
[Result "1/2-1/2"]
[WhiteElo "2003"]
[BlackElo "2090"]
[PlyCount "52"]
[EventDate "2015.01.29"]
[EventType "swiss"]
[EventRounds "7"]
[EventCountry "BOL"]
[SourceTitle "CBM 164 Extra"]
[Source "ChessBase"]
[SourceDate "2015.03.02"]
[SourceVersion "1"]
[SourceVersionDate "2015.03.02"]
[SourceQuality "1"]

1. e4 c5 2. c3 d5 3. exd5 Qxd5 4. d4 cxd4 5. cxd4 Nc6 6. Nf3 e5 7. Nc3 Bb4 8. Bd2 Bxc3 9. Bxc3 e4 10. Ne5 Nxe5 11. dxe5 Ne7 12. Qc2 Bf5 13. Qa4+ Bd7 14. Qa3 Bc6 15. Rd1 Qe6 16. Rd6 Qf5 17. Be2 Qg5 18. 0-0 0-0 19. Qb3 Ng6 20. Bb5 Nf4 21. g3 Qg4 22. Bd2 Bxb5 23. Qxb5 Ne2+ 24. Kg2 Qf3+ 25. Kh3 Qh5+ 26. Kg2 Qf3+ 1/2-1/2

[Event "La Paz op 2nd"]
[Site "La Paz"]
[Date "2014.11.15"]
[Round "5"]
[White "Saavedra, Carlos"]
[Black "Borda, Cesar Armando"]
[Result "1/2-1/2"]
[WhiteElo "2149"]
[BlackElo "1966"]
[PlyCount "83"]
[EventDate "2014.11.13"]
[EventType "swiss"]
[EventRounds "7"]
[EventCountry "BOL"]
[SourceTitle "CBM 163 Extra"]
[Source "ChessBase"]
[SourceDate "2014.12.23"]
[SourceVersion "1"]
[SourceVersionDate "2014.12.23"]
[SourceQuality "1"]

1. e4 c5 2. Nf3 a6 3. c4 e6 4. Nc3 b6 5. d4 cxd4 6. Nxd4 Bb7 7. f3 Qc7 8. Be3 d6 9. Be2 Nd7 10. 0-0 Ngf6 11. Rc1 Be7 12. Qe1 0-0 13. Qf2 Rac8 14. Rfd1 Qb8 15. Qg3 Bd8 16. b3 Kh8 17. Bd3 Bc7 18. Qh3 Ne5 19. Bb1 Ng6 20. f4 Qa8 21. Nf3 d5 22. e5 Ne4 23. cxd5 exd5 24. Nxe4 dxe4 25. Ng5 h6 26. Rd7 Bxe5 27. Nxf7+ Rxf7 28. Rxf7 Rxc1+ 29. Bxc1 Bd4+ 30. Be3 Bxe3+ 31. Qxe3 Bd5 32. Rd7 Qc6 33. Rd8+ Kh7 34. h4 Nxh4 35. Rxd5 Qxd5 36. Qxe4+ Qxe4 37. Bxe4+ g6 38. Bd3 a5 39. Kf2 Kg7 40. g3 Nf5 41. Bxf5 gxf5 42. Ke3 1/2-1/2

[Event "Pan American-ch U16"]
[Site "Oaxtepec"]
[Date "2014.07.15"]
[Round "7"]
[White "Cofre Archibold, Nestor"]
[Black "Borda, Cesar Armando"]
[Result "1-0"]
[WhiteElo "1919"]
[BlackElo "2011"]
[PlyCount "87"]
[EventDate "2014.07.11"]
[EventType "swiss"]
[EventRounds "9"]
[EventCountry "MEX"]
[SourceTitle "EXT 2022"]
[Source "ChessBase"]
[SourceDate "2021.10.06"]
[SourceVersion "1"]
[SourceVersionDate "2021.10.06"]
[SourceQuality "1"]

1. c4 Nf6 2. g3 g6 3. Bg2 d5 4. cxd5 Nxd5 5. Nc3 c6 6. Nf3 Bg7 7. 0-0 0-0 8. d4 Nd7 9. e4 Nxc3 10. bxc3 Nb6 11. Bg5 h6 12. Bf4 Be6 13. Qc1 g5 14. Be3 Nc4 15. Rd1 Nxe3 16. Qxe3 Qa5 17. h4 g4 18. Nd2 Rad8 19. Nb3 Qa3 20. Nc5 Bc8 21. e5 b6 22. Nb3 Bd7 23. c4 Qa6 24. Rac1 Qc8 25. d5 c5 26. Re1 a5 27. Nd2 Bf5 28. Be4 Bxe4 29. Qxe4 e6 30. d6 f6 31. Qxg4 fxe5 32. Ne4 Rf5 33. Qg6 Qd7 34. Rb1 Rb8 35. Red1 Rff8 36. Rb3 a4 37. Rb5 Kh8 38. Kg2 Qc6 39. f3 Rf5 40. d7 Rd8 41. Rd6 Qa8 42. Rxe6 Rff8 43. Re7 Rg8 44. Rxb6 1-0

[Event "American Continental 09th"]
[Site "Cochabamba"]
[Date "2013.05.13"]
[Round "9"]
[White "Medrano, Mario"]
[Black "Borda, Cesar Armando"]
[Result "1-0"]
[WhiteElo "2085"]
[BlackElo "1838"]
[PlyCount "69"]
[EventDate "2013.05.07"]
[EventType "swiss"]
[EventRounds "11"]
[EventCountry "BOL"]
[SourceTitle "CBM 154 Extra"]
[Source "ChessBase"]
[SourceDate "2013.06.25"]
[SourceVersion "2"]
[SourceVersionDate "2013.06.25"]
[SourceQuality "1"]

1. c4 Nf6 2. g3 g6 3. Bg2 d5 4. cxd5 Nxd5 5. Nc3 Nxc3 6. bxc3 Bg7 7. Rb1 c6 8. Qc2 0-0 9. Nf3 Nd7 10. 0-0 Nc5 11. Ba3 Bf5 12. d3 Nxd3 13. exd3 Bxd3 14. Qb3 Bxf1 15. Rxf1 Qc7 16. Re1 Bf6 17. Nd2 Rfd8 18. Ne4 Bg7 19. Ng5 e6 20. Bh3 Bf6 21. Ne4 Bg7 22. Ng5 Bf6 23. Bc1 Rd3 24. Nxf7 Rxc3 25. Nh6+ Kg7 26. Qxe6 Rxc1 27. Rxc1 Rf8 28. Ng4 Bd4 29. Qe4 Qb6 30. Rd1 c5 31. Rxd4 cxd4 32. Qe5+ Rf6 33. Nxf6 Qb1+ 34. Kg2 Qe4+ 35. Nxe4+ 1-0

[Event "American Continental 09th"]
[Site "Cochabamba"]
[Date "2013.05.10"]
[Round "5"]
[White "Cortes Orihuela, Javier"]
[Black "Borda, Cesar Armando"]
[Result "0-1"]
[WhiteElo "2032"]
[BlackElo "1838"]
[PlyCount "82"]
[EventDate "2013.05.07"]
[EventType "swiss"]
[EventRounds "11"]
[EventCountry "BOL"]
[SourceTitle "CBM 154 Extra"]
[Source "ChessBase"]
[SourceDate "2013.06.25"]
[SourceVersion "2"]
[SourceVersionDate "2013.06.25"]
[SourceQuality "1"]

1. d4 Nf6 2. c4 g6 3. Nc3 d5 4. Nf3 Bg7 5. Qb3 dxc4 6. Qxc4 0-0 7. e4 c6 8. Be2 Nbd7 9. 0-0 Re8 10. Ng5 e6 11. e5 Nd5 12. Nge4 Qc7 13. Bf3 Rd8 14. Bg5 f6 15. exf6 N7xf6 16. Rac1 Qf7 17. Rfe1 h6 18. Nxf6+ Bxf6 19. Bxf6 Qxf6 20. Rcd1 Bd7 21. Ne4 Qe7 22. Nc5 b6 23. Nxd7 Qxd7 24. Bg4 Re8 25. Re5 Re7 26. Rde1 Rae8 27. Qe2 Nc7 28. Qe4 Kg7 29. h4 Rf7 30. h5 Rf6 31. hxg6 Qd6 32. f4 Ref8 33. f5 exf5 34. Bxf5 Nd5 35. a3 a5 36. Re2 b5 37. g4 b4 38. g5 hxg5 39. Rh2 Rxf5 40. Rxf5 Rxf5 41. Qxf5 Qg3+ 0-1

[Event "Wch U14"]
[Site "Caldas Novas"]
[Date "2011.11.20"]
[Round "3"]
[White "Huber, Martin Christian"]
[Black "Borda, Cesar Armando"]
[Result "1/2-1/2"]
[WhiteElo "2120"]
[BlackElo "1876"]
[PlyCount "71"]
[EventDate "2011.11.18"]
[EventType "swiss"]
[EventRounds "9"]
[EventCountry "BRA"]
[SourceTitle "EXT 2013"]
[Source "ChessBase"]
[SourceDate "2012.11.22"]
[SourceVersion "1"]
[SourceVersionDate "2012.11.22"]
[SourceQuality "1"]

1. d4 Nf6 2. c4 g6 3. Nc3 d5 4. Nf3 Bg7 5. Bg5 Ne4 6. cxd5 Nxc3 7. bxc3 Qxd5 8. Bf4 c5 9. e3 Nc6 10. Be2 0-0 11. 0-0 Re8 12. Bg3 Bf5 13. Nd2 Qd8 14. Rc1 Be6 15. Nb3 cxd4 16. cxd4 Bd5 17. Nc5 b6 18. Na6 Rc8 19. Bb5 Rf8 20. Qa4 Na5 21. Bc7 Rxc7 22. Rxc7 Qa8 23. f3 Rc8 24. Rfc1 Rf8 25. Rxe7 Be6 26. Rec7 Bh6 27. R7c3 Qd8 28. Rd1 Qg5 29. Bd7 Nc4 30. Rxc4 Qxe3+ 31. Kh1 Bxd7 32. Qc2 Bf5 33. Qc3 Qe2 34. Re1 Qxa2 35. Nb4 Qf2 36. Rd1 1/2-1/2